Mathematical modelling of industrial processes : lectures given at the 3rd Session of the Centro Internazionale Matematico Estivo (C.I.M.E.) held in Bari, Italy, Sept. 24-29, 1990
Αποθηκεύτηκε σε:
| Κύριος συγγραφέας: | |
|---|---|
| Συγγραφή απο Οργανισμό/Αρχή: | |
| Άλλοι συγγραφείς: | , , , |
| Μορφή: | Βιβλίο |
| Γλώσσα: | English |
| Δημοσίευση: |
Berlin ; New York :
Springer-Verlag,
c1992
|
| Σειρά: | Lecture notes in mathematics (Springer-Verlag)
; 1521 |
| Θέματα: | |
| Ετικέτες: |
Προσθήκη ετικέτας
Δεν υπάρχουν, Καταχωρήστε ετικέτα πρώτοι!
|
MARC
| LEADER | 00000cam a2200000 i 4500 | ||
|---|---|---|---|
| 001 | 1/27636 | ||
| 008 | 960429s1992 eng d | ||
| 020 | |a 0387555951 | ||
| 020 | |a 3540555951 | ||
| 035 | |l 10037872 | ||
| 035 | |a 1995 | ||
| 040 | |a GR-MY-UA |b gre |e aacr | ||
| 041 | 0 | |a eng | |
| 082 | 0 | |a 670.15118 |2 (20) | |
| 100 | 1 | |a Busenberg, Stavros N. | |
| 245 | 1 | 0 | |a Mathematical modelling of industrial processes : |b lectures given at the 3rd Session of the Centro Internazionale Matematico Estivo (C.I.M.E.) held in Bari, Italy, Sept. 24-29, 1990 / |c S. Busenberg, B. Forte, H. K. Kuiken ; editors, V. Capasso, A. Fasano |
| 260 | |a Berlin ; New York : |b Springer-Verlag, |c c1992 | ||
| 300 | |a 162 p.; |b ill.; |c 25 cm | ||
| 490 | 1 | |a Lecture notes in mathematics (Springer-Verlag) |v ; 1521 | |
| 504 | |a Includes bibliographical references | ||
| 650 | 0 | 0 | |a Manufacturing processes |x Mathematical models. |
| 700 | 1 | |a Forta, Ben. | |
| 700 | 1 | |a Kuiken, H. K. |q (Hendrik Klaas) | |
| 700 | 1 | |a Capasso, Vincenzo, |d 1945- |e edt | |
| 700 | 1 | |a Fasano, A. |q (Antonio) |e edt | |
| 710 | 2 | |a Centro internazionale matematico estivo. | |
| 830 | 0 | |a Lecture notes in mathematics (Springer-Verlag) |v ; 1521 | |
| 852 | |a INST |b SAMOS |e 19960429 |h 670.15118 BUS |p 005300005356 |q 005300005356 |t BK |y 0 | ||
| 909 | |a Σ |b 039386 | ||